00807nac a22002171u 4500010001600000020001500016082001400031090001500045100003400060245011200094250003100206260005300237300002700290500002700317504004100344650002900385700002600414942001600440999001500456952011800471 a 92045698 a013669029700a327bO524 c4322d4322 aOlson, William Clinton 04aThe theory and practice of international relations /c[edited by] William Clinton Olson, with James R. Lee. a9th ed.bInternational ed. aEnglewood Cliffs, N.J. :bPrentice Hall,cc1994. axiii, 428 p. ;c24 cm. aInternational Edition. aIncludes bibliographical references. 0aInternational relations.1 aLee, James R.,c1951- cBBk327O524 c4322d4322 00104070aMAINbMAINc1STd2007-09-04ePurchasel3m47o327 OLSp000005184r2025-07-15 00:00:00s2017-02-01yBB